000 00567nam a2200241Ia 4500
003 OSt
005 20220912152055.0
006 a|||||r|||| 00| 0
007 ta
008 220909b |||||||| |||| 00| 0 eng d
024 _a59776
037 _cTextual
040 _aCSL
_beng
_cCSL
041 _aeng
082 _aAb4, H9
100 _aFreedman P
245 0 _aPrinciples of scientific research
260 _c1949
300 _ap.
_ccm.
650 _aScientific research
942 _hAb4, H9
_cTEXL
_2CC
999 _c80614
_d80614